Physics: A Text Book for Second Year PUC (Record no. 227137)
[ view plain ]
| 000 -LEADER | |
|---|---|
| fixed length control field | 00540nam a22001937a 4500 |
| 005 - DATE AND TIME OF LATEST TRANSACTION | |
| control field | 20230403162219.0 |
| 008 - FIXED-LENGTH DATA ELEMENTS--GENERAL INFORMATION | |
| fixed length control field | 230403b ||||| |||| 00| 0 eng d |
| 040 ## - CATALOGING SOURCE | |
| Transcribing agency | AL |
| 041 ## - LANGUAGE CODE | |
| Language code of text/sound track or separate title | English |
| 082 ## - DEWEY DECIMAL CLASSIFICATION NUMBER | |
| Edition number | 23 |
| Classification number | 531/195 |
| Item number | SHRP |
| 100 ## - MAIN ENTRY--PERSONAL NAME | |
| Personal name | A Shridhar and others |
| 100 ## - MAIN ENTRY--PERSONAL NAME | |
| 9 (RLIN) | 82816 |
| 245 ## - TITLE STATEMENT | |
| Title | Physics: A Text Book for Second Year PUC |
| 260 ## - PUBLICATION, DISTRIBUTION, ETC. | |
| Place of publication, distribution, etc. | Mangalore |
| Name of publisher, distributor, etc. | Prathibha Publications |
| Date of publication, distribution, etc. | 1998 |
| 300 ## - PHYSICAL DESCRIPTION | |
| Extent | 431 p. |
| Other physical details | PB |
| Dimensions | 21x13 cm. |
| 650 ## - SUBJECT ADDED ENTRY--TOPICAL TERM | |
| Topical term or geographic name entry element | Physics |
| 9 (RLIN) | 82817 |
| 700 ## - ADDED ENTRY--PERSONAL NAME | |
| Personal name | SHRIDHAR (A) |
| 9 (RLIN) | 82818 |
| 700 ## - ADDED ENTRY--PERSONAL NAME | |
| Personal name | SUDHAKAR (D) |
| 9 (RLIN) | 82819 |
| 942 ## - ADDED ENTRY ELEMENTS (KOHA) | |
| Source of classification or shelving scheme | Dewey Decimal Classification |
| Koha item type | Donated Books |
| Withdrawn status | Lost status | Source of classification or shelving scheme | Damaged status | Not for loan | Collection code | Home library | Current library | Shelving location | Date acquired | Total Checkouts | Full call number | Barcode | Date last seen | Price effective from | Koha item type |
|---|---|---|---|---|---|---|---|---|---|---|---|---|---|---|---|
| Dewey Decimal Classification | Physics | St Aloysius Library | St Aloysius Library | UGC Book Bank | 04/03/2023 | 531/195 SHRP | D01913 | 04/03/2023 | 04/03/2023 | Donated Books | |||||
| Dewey Decimal Classification | Physics | St Aloysius Library | St Aloysius Library | UGC Book Bank | 04/03/2023 | 531/194 SHRP | D01912 | 04/10/2023 | 04/03/2023 | Donated Books | |||||
| Dewey Decimal Classification | Physics | St Aloysius Library | St Aloysius Library | UGC Book Bank | 04/03/2023 | 531/188 SHRP | 054387 | 04/10/2023 | 04/03/2023 | Book | |||||
| Dewey Decimal Classification | Physics | St Aloysius Library | St Aloysius Library | UGC Book Bank | 04/03/2023 | 531/196 SHRP | D01914 | 04/11/2023 | 04/03/2023 | Donated Books |